क्षण बोले कण मुसकाये/ (Record no. 158233)

MARC details
000 -LEADER
fixed length control field 01215nam a22002777a 4500
003 - CONTROL NUMBER IDENTIFIER
control field dpl
005 - DATE AND TIME OF LATEST TRANSACTION
control field 20181022172001.0
008 - FIXED-LENGTH DATA ELEMENTS--GENERAL INFORMATION
fixed length control field 181022b ||||| |||| 00| 0 eng d
010 ## - LIBRARY OF CONGRESS CONTROL NUMBER
LC control number A-769326
020 ## - INTERNATIONAL STANDARD BOOK NUMBER
Terms of availability 100.00
035 ## - SYSTEM CONTROL NUMBER
System control number A-769326
037 ## - SOURCE OF ACQUISITION
Source of stock number/acquisition BPPD/PUB
040 ## - CATALOGING SOURCE
Original cataloging agency DPL
Language of cataloging HN
Transcribing agency 0
082 ## - DEWEY DECIMAL CLASSIFICATION NUMBER
Classification number 808.883
Item number मिश्रक
100 ## - MAIN ENTRY--PERSONAL NAME
Personal name मिश्र, कन्हैयालाल प्रभाकर
9 (RLIN) 74583
245 ## - TITLE STATEMENT
Title क्षण बोले कण मुसकाये/
Statement of responsibility, etc कन्हैयालाल मिश्र प्रभाकर
246 ## - VARYING FORM OF TITLE
Title proper/short title Kshana bole kana muskaye/
Remainder of title by Kanheyyalal Mishr Prabhakar
260 ## - PUBLICATION, DISTRIBUTION, ETC. (IMPRINT)
Place of publication, distribution, etc नई दिल्ली,
Name of publisher, distributor, etc भारतीय ज्ञानपीठ
Date of publication, distribution, etc 1995
270 ## - ADDRESS
Address इंस्टीट्यूटनल एरिया लोदी रोड
City नई दिल्ली,
Postal code 110032
300 ## - PHYSICAL DESCRIPTION
Extent 239पृष्ठ.
Dimensions 17सेमी(सजिल्द)
650 ## - SUBJECT ADDED ENTRY--TOPICAL TERM
Topical term or geographic name as entry element हिंदी साहित्य
9 (RLIN) 117399
650 ## - SUBJECT ADDED ENTRY--TOPICAL TERM
Topical term or geographic name as entry element हिंदी कविता
9 (RLIN) 117400
650 ## - SUBJECT ADDED ENTRY--TOPICAL TERM
Topical term or geographic name as entry element Hindi Literature
9 (RLIN) 117401
650 ## - SUBJECT ADDED ENTRY--TOPICAL TERM
Topical term or geographic name as entry element Hindi Poetry
9 (RLIN) 117402
942 ## - ADDED ENTRY ELEMENTS (KOHA)
Source of classification or shelving scheme Dewey Decimal Classification
Koha item type Hindi Books
Classification part 808.883
Call number suffix मिश्रक
Holdings
Withdrawn status Lost status Source of classification or shelving scheme Damaged status Not for loan Collection code Home library Current library Date acquired Source of acquisition Cost, normal purchase price Total Checkouts Full call number Barcode Date last seen Cost, replacement price Price effective from Koha item type
    Dewey Decimal Classification     Non-fiction Shahdara Branch Shahdara Branch 22/10/2018 BPPD/PUB 100.00   808.883 मिश्रक A-769326 22/10/2018 100.00 22/10/2018 Hindi Books

© Delhi Public Library
Hit Counter
free hit counter